000 00663nam a2200193 a 4500
001 59921
005 20180714061017.0
008 140415s2013 000 0 spa d
020 _a9786074510614
041 _aspa
082 _a378.19580972
_bAQU
100 1 _aAQUINO LUNA, RUBEN
245 1 0 _aRESULTADOS DE LA ENCUESTA DE SEGURIDAD DE LA INFORMACION 2011 EN LAS INSTITUCIONES DE EDUCACION SUPERIOR
250 _a1a ed.
260 _aMEXICO :
_bANUIES,
_c2013
300 _a205
490 _aVOCES DE LA EDUCACION
650 1 4 _aUNIVERSIDADES
_xMEXICO
_xPROCESAMIENTO DE DATOS
_xINFORMATICA
_xPROTECCION DE DATOS
_xTECNOLOGIA DE LA INFORMACION
999 _c59921
_d59921